Statystyki dla QUIZ JA JESTEM W INNYCH JĘZYKACH

Kliknij tutaj aby rozwiązać quiz!

Ogólne statystyki

  • Ten quiz został rozwiązany 24 razy
  • Średni wynik to 3 z 20

Statystyki odpowiedzi

PYTANIEODPOWIEDŹ% Poprawnych
ANGIELSKII AM
100%
NIEMIECKIICH BIN
91%
HISZPAŃSKISOY
30%
WŁOSKISONO
26%
FRANCUSKIJE SUIS
22%
TURECKIBEN
17%
CZESKIJSEM
17%
NORWESKIJEG ER
9%
FIŃSKIMINA OLEN
9%
SŁOWACKISOM
9%
PORTUGALSKIEU SOU
4%
SZWEDZKIJAG AR
4%
CHORWACKIJA SAM
4%
WALIJSKIDWI YN
0%
ISLANDZKIEG ER
0%
WĘGIERSKIEN VAGYOK
0%
ŁOTEWSKIES ESMU
0%
ESTOŃSKIMA OLEN
0%
IRLANDZKITA ME
0%
ALBAŃSKIUNE JAM
0%

Rozkład punktacji

Percentyl według liczby udzielonych odpowiedzi

Procent ludzi z każdym wynikiem

Twoja historia wyników

Nie rozwiązałeś tego quizu